000 00911nam a2200253Ia 4500
003 OSt
005 20220923224935.0
006 a|||||r|||| 00| 0
007 ta
008 220922b |||||||| |||| 00| 0 hin d
024 _a253,913
037 _cTextual
040 _aARTS
_cARTS
_bhin
041 _2hin
_ahin
082 _aO152,3N06:g, M8
100 _aगोयनका, कमलकिशोर, संपा.
245 0 _aहजारी प्रसाद द्विवेदी
_b कुछ संस्मरण
246 _aHajārī prasād dvivedī: kuchh sansmaraṇa
260 _aनयी दिल्ली
_b किताबघर
_c1988
300 _a260पृ.
_ccm.
650 _aहिन्दी साहित्य
_9156264
942 _hO152,3N06:g, M8
_cTEXL
_2CC
999 _c374806
_d374806